01009nam a22002177a 4500008004000000020003100040020002200071020002100093050002500114100003400139245014400173250001100317260010500328300002600433440005900459504004600518600009000564650005000654650005400704650003300758130918t mx||||| |||| 00| 0 spa d a9703212816 (Obra completa) a9703212824 (V.1.) a9703212832 (V.2)04aLB675 .F47bH47 20031 aHernández García, Jesús aFernández de Lizardi. Un educador para un pueblo : bla educación en su obra priodística y narrativa /cJesús Hernández García  a1a ed. aMéxico : bUniversidad Nacional Autónoma de México : Universidad Pedagógica Nacional, c2003 a2v. :bil. ; c23 cm. 0aColección : Historia, Ciudadanía y Magisterio ;v2 aBibliografía : p. 1051-1069 e índice 14aFernandez de Lizardi, Jose Joaquin,d1776-1827xPuntos de vista sobre la Educación  4aEducación zMéxico xHistoria ySiglo XIX 4aEducación zMéxico xArticulos periodisticos  4aEducación e la literatura